000 01676nas1a22003611 4500
001 RU\NLR\INFOCOMM6\1000396062
005 20260126214620.0
035 _a(NLR Aleph) 002715622
090 _a89019
_c89019
100 _a20260126 rusy50
101 0 _arus
102 _aRU
110 _aafu||||0|y0
200 1 _aГоспитальное дело
_eЕжемес. журн. Глав. упр. эвакогоспиталей Наркомздрава Союза ССР
_fНар. ком. здравоохранения СССР
_gОтв. ред. С.И. Миловидов. Редколлегия
210 _aМ.
_cМедгиз
_d1942-1947
320 _aУказатель работ, помещенных в журнале "Госпитальное дело" за 1942 и 1943 гг. [М., 1943]. (Припл. к изд. ... 1943, №11/12)
702 1 _aМиловидов
_bС. И.
_gСергей Иванович
_4340
711 0 1 _aСССР
_bГлавное управление эвакогоспиталей
_3RU\NLR\AUTH\8810185600
801 0 _aRU
_bNLR
_gPSBO
801 1 _aRU
_bInfoComm
_c20040219
852 _aNLR
_jП16/213
942 _cJOURNAL
945 _aРоссийская национальная библиотека
980 _aBV
980 _aNB
980 _aRUSPER